[Event "European Blitz Championship 2021"]
[Site "Katowice"]
[Date "2021.12.17"]
[Round "7.5"]
[White "Donchenko, Alexander"]
[Black "Gdanski, Jacek"]
[Result "0-1"]
[WhiteElo "2645"]
[BlackElo "2367"]
[Annotator "RC"]
[PlyCount "90"]
[EventDate "2021.12.17"]
[EventType "swiss"]
[EventCountry "POL"]
[SourceTitle "playchess.com"]
[Source "ChessBase"]
[SourceQuality "1"]

1. c4 e5 2. g3 c6 3. Nf3 e4 4. Nd4 d5 5. cxd5 Qxd5 6. Nc2 Nf6 7. Nc3 Qe5 8. Bg2
Bf5 9. Ne3 Bg6 10. Rb1 Bc5 11. b4 Bxe3 12. fxe3 h5 13. Bb2 Qe7 14. Qb3 Nbd7 15.
b5 h4 16. bxc6 bxc6 17. Qb7 Rb8 18. Qxa7 h3 19. Bf1 Bf5 20. Nd1 O-O 21. Nf2 Qe6
22. Rg1 Ra8 23. Qd4 c5 24. Qc3 Qxa2 25. Ra1 Qd5 26. g4 Bg6 27. Bxh3 Rxa1+ 28.
Bxa1 Rb8 29. Kf1 Rb3 30. Qa5 Ne5 31. Bxe5 Qxe5 32. Kg2 Kh7 33. Qa1 Qd6 34. Qc1
Qd5 35. Qc2 Ra3 36. Rb1 Ra2 37. Rb2 Ra1 38. Qc3 Ra4 39. Rc2 c4 40. Qd4 Qxd4 41.
exd4 e3 42. Rc3 exf2 43. g5 Ne4 44. Rc2 Ra1 45. Kf3 Nxg5+ 0-1

[Event "European Blitz Championship 2021"]
[Site "Katowice"]
[Date "2021.12.17"]
[Round "7.5"]
[White "Paczka, Patryk"]
[Black "Przybylski, Wojciech"]
[Result "1/2-1/2"]
[WhiteElo "1909"]
[BlackElo "2247"]
[Annotator "NA"]
[PlyCount "168"]
[EventDate "2021.12.17"]
[EventType "swiss"]
[EventCountry "POL"]
[SourceTitle "playchess.com"]
[Source "ChessBase"]
[SourceQuality "1"]

1. e4 e5 2. Nf3 Nc6 3. Bb5 Nf6 4. O-O Nxe4 5. d4 Nd6 6. dxe5 Nxb5 7. a4 Nbd4 8.
Nxd4 d5 9. exd6 Bxd6 10. Re1+ Be7 11. Nxc6 bxc6 12. Qf3 Qd5 13. Bf4 Be6 14.
Qxd5 cxd5 15. Bxc7 Rc8 16. Be5 Rxc2 17. Bxg7 Rg8 18. Bd4 a6 19. Nc3 Kd7 20.
Rad1 Bd6 21. Be3 Kc6 22. Ne2 Rxb2 23. Rc1+ Kd7 24. Nd4 Rc8 25. Rb1 Rcb8 26.
Rbc1 Ra2 27. a5 Rc8 28. Rb1 Rxa5 29. Rb7+ Rc7 30. Rb8 Ra4 31. Rh8 Bb4 32. Rd1
Bc3 33. Nxe6 fxe6 34. Rxh7+ Kc6 35. Rxc7+ Kxc7 36. Rc1 Rc4 37. h4 a5 38. h5 Kd7
39. h6 d4 40. Bxd4 Rxd4 41. Rxc3 Ke7 42. h7 Rd8 43. Rc7+ Kf6 44. Ra7 Rh8 45.
Kf1 a4 46. Rxa4 Rxh7 47. Ra6 Ke5 48. Ke2 Rg7 49. g3 Rb7 50. Ra5+ Kf6 51. Kf3
Rb3+ 52. Kg4 Rb4+ 53. f4 Rb3 54. Ra8 Rc3 55. Rf8+ Ke7 56. Rh8 Kf6 57. Rh6+ Kf7
58. Kh4 Rf3 59. Rh7+ Kf6 60. Rh8 Kg7 61. Re8 Kf7 62. Ra8 Kf6 63. Ra6 Rf1 64.
Kg4 Rf2 65. Ra5 Rf1 66. Ra2 Rb1 67. Kf3 Rb3+ 68. Kg4 Rc3 69. Ra8 Rc1 70. Kh4
Rh1+ 71. Kg4 Rf1 72. Rf8+ Ke7 73. Rh8 Kf6 74. Rh6+ Kf7 75. Rh7+ Kg6 76. Re7 Kf6
77. Re8 Rg1 78. Kf3 Rf1+ 79. Kg2 Ra1 80. Rd8 Kf5 81. Kf3 Ra3+ 82. Kf2 Kf6 83.
Rf8+ Ke7 84. Rh8 Kf6 1/2-1/2

[Event "European Blitz Championship 2021"]
[Site "Katowice"]
[Date "2021.12.17"]
[Round "7.6"]
[White "Plat, Vojtech"]
[Black "Ortega Ruiz, Jose Miguel"]
[Result "1-0"]
[WhiteElo "2548"]
[BlackElo "2317"]
[Annotator "ChessBase"]
[PlyCount "45"]
[EventDate "2021.12.17"]
[EventType "swiss"]
[EventCountry "POL"]
[SourceTitle "playchess.com"]
[Source "ChessBase"]
[SourceQuality "1"]

1. e4 e5 2. Nf3 Nc6 3. Bb5 a6 4. Ba4 Nf6 5. d4 exd4 6. O-O Be7 7. Re1 O-O 8. e5
Nd5 9. Bb3 Nb6 10. Nxd4 Nxd4 11. Qxd4 d5 12. exd6 Bxd6 13. Bf4 Bxf4 14. Qxf4
Nd5 15. Bxd5 Qxd5 16. Qxc7 Qb5 17. Qc3 Be6 18. Na3 Qf5 19. Qg3 b5 20. c3 Rad8
21. Re5 Qf6 22. Qe3 Bf5 23. Re1 1-0

[Event "European Blitz Championship 2021"]
[Site "Katowice"]
[Date "2021.12.17"]
[Round "7.6"]
[White "Kos, Pawel"]
[Black "Sokolowski, Jacek"]
[Result "0-1"]
[WhiteElo "2234"]
[BlackElo "2043"]
[Annotator "NA"]
[PlyCount "98"]
[EventDate "2021.12.17"]
[EventType "swiss"]
[EventCountry "POL"]
[SourceTitle "playchess.com"]
[Source "ChessBase"]
[SourceQuality "1"]

1. Nf3 Nf6 2. g3 e6 3. Bg2 d5 4. O-O Be7 5. c3 O-O 6. a3 a5 7. a4 c6 8. Na3
Nbd7 9. d3 e5 10. Nd2 Qc7 11. b3 Nc5 12. Qc2 Bf5 13. e4 Bg6 14. f4 exf4 15.
gxf4 Bh5 16. e5 Ng4 17. Rf3 Nh6 18. Rf2 Nf5 19. Nf1 d4 20. Nc4 Ne6 21. Ng3 Bg6
22. Be4 Nxg3 23. hxg3 Bxe4 24. dxe4 dxc3 25. Qxc3 Bb4 26. Qf3 Nd4 27. Qg4 Nxb3
28. Bb2 Nxa1 29. Bxa1 Bc5 30. e6 fxe6 31. Be5 Bxf2+ 32. Kxf2 Qd7 33. Nb6 Qf7
34. Nc4 Rad8 35. Nd6 Rxd6 36. Bxd6 Rd8 37. e5 b5 38. Qf3 Qd7 39. Qb3 b4 40. f5
Re8 41. Ke3 Qf7 42. g4 exf5 43. Qxf7+ Kxf7 44. gxf5 g6 45. f6 Ke6 46. Kd4 Rd8
47. Kc5 b3 48. Kxc6 b2 49. Kc7 Ra8 0-1

[Event "European Blitz Championship 2021"]
[Site "Katowice"]
[Date "2021.12.17"]
[Round "7.7"]
[White "Kyc, Jerzy"]
[Black "Szpar, Milosz"]
[Result "0-1"]
[WhiteElo "2250"]
[BlackElo "2285"]
[Annotator "NA"]
[PlyCount "110"]
[EventDate "2021.12.17"]
[EventType "swiss"]
[EventCountry "POL"]
[SourceTitle "playchess.com"]
[Source "ChessBase"]
[SourceQuality "1"]

1. e4 c5 2. Nf3 e6 3. d4 cxd4 4. Nxd4 Nf6 5. Bd3 Nc6 6. Nb3 d5 7. exd5 exd5 8.
O-O Be7 9. Nc3 Bg4 10. Be2 Be6 11. Bg5 O-O 12. Bf3 Ne5 13. Bxf6 Nxf3+ 14. Qxf3
Bxf6 15. Rad1 Qb6 16. Nxd5 Bxd5 17. Rxd5 Bxb2 18. Nc5 Qc6 19. Rfd1 b6 20. Nd7
Rfe8 21. Qb3 Rac8 22. R5d2 Bc3 23. Rd3 Ba5 24. c3 Bxc3 25. h3 Ba5 26. Rg3 Red8
27. Qd3 b5 28. Qd4 f6 29. Qg4 g6 30. Rgd3 Kg7 31. Qf4 Bc3 32. h4 Qc4 33. Qg3 b4
34. h5 Re8 35. hxg6 hxg6 36. Qf3 Qe4 37. Qg3 Qe1+ 38. Rxe1 Rxe1+ 39. Kh2 Rh8+
40. Qh3 Rxh3+ 41. Kxh3 Re2 42. f3 Rxa2 43. Nc5 Ra5 44. Rd7+ Kg8 45. Ne6 f5 46.
g4 b3 47. Rb7 b2 48. gxf5 Rxf5 49. Kg4 Re5 50. Rb8+ Kf7 51. Ng5+ Ke7 52. Ne4
Bd4 53. Rb4 Rd5 54. Rb7+ Kd8 55. Nd2 Bb6 0-1

[Event "European Blitz Championship 2021"]
[Site "Katowice"]
[Date "2021.12.17"]
[Round "7.7"]
[White "Malek, Jan"]
[Black "Janaszak, Dawid"]
[Result "1-0"]
[WhiteElo "1838"]
[BlackElo "2328"]
[Annotator "NA"]
[PlyCount "59"]
[EventDate "2021.12.17"]
[EventType "swiss"]
[EventCountry "POL"]
[SourceTitle "playchess.com"]
[Source "ChessBase"]
[SourceQuality "1"]

1. e4 c5 2. c3 Nf6 3. e5 Nd5 4. Nf3 Nc6 5. Bc4 Nb6 6. Bb3 d5 7. exd6 Qxd6 8.
O-O Bf5 9. d4 cxd4 10. Nxd4 Nxd4 11. cxd4 e6 12. Nc3 Be7 13. Qf3 O-O 14. Rd1
Qd7 15. Bf4 Rad8 16. d5 Qc8 17. Rac1 Bg6 18. d6 Bf6 19. Nd5 exd5 20. Rxc8 Rxc8
21. Bxd5 Rfd8 22. Bxb7 Rc2 23. Be4 Rxb2 24. Bxg6 hxg6 25. Qa3 Nc4 26. Qc5 Rc2
27. d7 Ne3 28. Qxe3 Rxa2 29. Qe8+ Kh7 30. Bc7 1-0

[Event "European Blitz Championship 2021"]
[Site "Katowice"]
[Date "2021.12.17"]
[Round "7.8"]
[White "Blohberger, Felix"]
[Black "Kozak, Antoni"]
[Result "1-0"]
[WhiteElo "2490"]
[BlackElo "2272"]
[Annotator "RC"]
[PlyCount "131"]
[EventDate "2021.12.17"]
[EventType "swiss"]
[EventCountry "POL"]
[SourceTitle "playchess.com"]
[Source "ChessBase"]
[SourceQuality "1"]

1. d4 d5 2. Nf3 Nf6 3. Bf4 c5 4. e3 cxd4 5. exd4 Nc6 6. c3 Bf5 7. Nbd2 e6 8.
Qb3 Qc8 9. Be2 Be7 10. O-O O-O 11. Ne5 Bd8 12. Rfe1 Bc7 13. Qd1 Nd7 14. Ndf3
Ndxe5 15. Nxe5 Nxe5 16. Bxe5 Bxe5 17. dxe5 b5 18. Bxb5 Rb8 19. Qe2 Qc5 20. a4
Rfc8 21. Rad1 Rb6 22. h3 Rcb8 23. Rd2 Qc8 24. c4 a6 25. c5 Qxc5 26. Bxa6 Rb4
27. Bb5 h6 28. Qe3 d4 29. Qf3 Rd8 30. Qc6 Qa7 31. Rc1 d3 32. Qc7 Qxc7 33. Rxc7
Rd5 34. Rc3 g5 35. Kf1 Rxe5 36. Bxd3 Bxd3+ 37. Rcxd3 Rxa4 38. g3 Rb4 39. Rd4
Rb3 40. R4d3 Rb4 41. Rd4 Rb6 42. b4 Kg7 43. Rb2 Reb5 44. Kg2 Kg6 45. Rb3 e5 46.
Rc4 f5 47. g4 e4 48. gxf5+ Kxf5 49. Kg3 h5 50. Kg2 h4 51. Rb2 Ke5 52. Re2 Kf5
53. Rexe4 Rb8 54. Red4 Kg6 55. Rc6+ Kf5 56. Rc5+ Rxc5 57. bxc5 Ke5 58. Rg4 Kf5
59. Rc4 Rc8 60. c6 Ke5 61. Kf3 Kd5 62. Rc1 Kd6 63. c7 Kd7 64. Kg4 Rf8 65. c8=Q+
Rxc8 66. Rxc8 1-0

[Event "European Blitz Championship 2021"]
[Site "Katowice"]
[Date "2021.12.17"]
[Round "7.8"]
[White "Sowinski, Pawel"]
[Black "Andersen, Mads"]
[Result "1/2-1/2"]
[WhiteElo "1548"]
[BlackElo "2575"]
[Annotator "ChessBase"]
[PlyCount "107"]
[EventDate "2021.12.17"]
[EventType "swiss"]
[EventCountry "POL"]
[SourceTitle "playchess.com"]
[Source "ChessBase"]
[SourceQuality "1"]

1. c4 c6 2. g3 d5 3. Bg2 Nf6 4. Nf3 dxc4 5. Ne5 Qd4 6. Nf3 Qc5 7. O-O g6 8. b3
cxb3 9. Ba3 Qh5 10. Qxb3 Bg7 11. Nc3 Na6 12. d4 Nc7 13. e4 Rb8 14. Qb4 O-O 15.
Qxe7 Na6 16. Qd6 Bh3 17. Qf4 Bxg2 18. Kxg2 Rfe8 19. Ne5 Rbd8 20. Rad1 Re6 21.
Nf3 Qa5 22. Bb2 Qb4 23. Ba1 Nh5 24. Qe3 Nf6 25. Qg5 h6 26. Qe3 Rde8 27. e5 Nd7
28. Qd3 Nb6 29. Ne4 Nd5 30. Nd6 Rxd6 31. exd6 Qxd6 32. Rfe1 Rd8 33. Ne5 Nac7
34. Nc4 Qf8 35. Qf3 Ne6 36. Ne5 g5 37. Qf5 Ne7 38. Qe4 Rd6 39. Bb2 Rd5 40. Nxf7
Qxf7 41. Qxe6 Qxe6 42. Rxe6 Kf7 43. Rde1 Ng6 44. R6e4 Rb5 45. R1e2 Rd5 46. h3
Bf6 47. a3 Rb5 48. R4e3 Ne7 49. Rf3 Nd5 50. Rc2 a6 51. Rd3 Rb6 52. Bc1 Rb5 53.
Be3 Rb1 54. Rdd2 1/2-1/2

[Event "European Blitz Championship 2021"]
[Site "Katowice"]
[Date "2021.12.17"]
[Round "7.9"]
[White "Reimanis, Ritvars"]
[Black "Woloch, Oskar"]
[Result "0-1"]
[WhiteElo "2397"]
[BlackElo "2053"]
[Annotator "NA RC"]
[PlyCount "74"]
[EventDate "2021.12.17"]
[EventType "swiss"]
[EventCountry "POL"]
[SourceTitle "playchess.com"]
[Source "ChessBase"]
[SourceQuality "1"]

1. d4 c5 2. d5 e5 3. Nc3 d6 4. e4 Nf6 5. h3 g6 6. Nf3 Bg7 7. Bd3 O-O 8. O-O Na6
9. a3 Nc7 10. b4 b6 11. Bd2 Nh5 12. bxc5 dxc5 13. Nb5 Ne8 14. a4 a6 15. Na3 Nf4
16. Nc4 Rb8 17. Ncxe5 Nxd3 18. Nxd3 Bxa1 19. Qxa1 f5 20. exf5 Bxf5 21. Bh6 Bxd3
22. cxd3 Rxf3 23. gxf3 Qxd5 24. Re1 Qf7 25. Qe5 Rd8 26. Bg5 Rc8 27. f4 Ng7 28.
Qe4 Re8 29. Be7 Nf5 30. Qb7 Rxe7 31. Rxe7 Qxe7 32. Qxb6 Nd4 33. Qxa6 Ne2+ 34.
Kf1 Nxf4 35. Qa8+ Kg7 36. Qf3 Qe5 37. a5 Qa1+ 0-1

[Event "European Blitz Championship 2021"]
[Site "Katowice"]
[Date "2021.12.17"]
[Round "7.9"]
[White "Grabarczyk, Miroslaw"]
[Black "Sadzikowski, Daniel"]
[Result "1/2-1/2"]
[WhiteElo "2279"]
[BlackElo "2525"]
[Annotator "ChessBase"]
[PlyCount "65"]
[EventDate "2021.12.17"]
[EventType "swiss"]
[EventCountry "POL"]
[SourceTitle "playchess.com"]
[Source "ChessBase"]
[SourceQuality "1"]

1. d4 Nf6 2. c4 e6 3. Nf3 d5 4. g3 Be7 5. Bg2 O-O 6. O-O Nbd7 7. Qc2 c6 8. Nc3
b6 9. cxd5 cxd5 10. Bf4 Nh5 11. Bd2 Bb7 12. Rfc1 Rc8 13. a4 Nb8 14. Ne5 Nf6 15.
Bf4 Nh5 16. Bd2 Nf6 17. Bf4 Nfd7 18. Nxd7 Qxd7 19. Bxb8 Rxb8 20. Qd3 Rfc8 21.
Rc2 Rc4 22. b3 Rc7 23. Raa2 a6 24. e4 Rbc8 25. exd5 exd5 26. Ne2 Bf6 27. h4 a5
28. Nf4 Rxc2 29. Rxc2 Rxc2 30. Qxc2 Bxd4 31. Qd3 Bc5 32. Nxd5 Bxd5 33. Bxd5
1/2-1/2

[Event "European Blitz Championship 2021"]
[Site "Katowice"]
[Date "2021.12.17"]
[Round "7.10"]
[White "Kulon, Klaudia"]
[Black "Vetoshko, Volodymyr"]
[Result "0-1"]
[WhiteElo "2265"]
[BlackElo "2525"]
[Annotator "RC"]
[PlyCount "102"]
[EventDate "2021.12.17"]
[EventType "swiss"]
[EventCountry "POL"]
[SourceTitle "playchess.com"]
[Source "ChessBase"]
[SourceQuality "1"]

1. c4 e6 2. g3 d5 3. Bg2 Nf6 4. Nf3 dxc4 5. O-O Nbd7 6. a4 a6 7. a5 Rb8 8. Na3
Bxa3 9. Rxa3 b5 10. axb6 cxb6 11. Nd4 Bb7 12. Nc6 Bxc6 13. Bxc6 Qc8 14. Qa4 O-O
15. Bxd7 Nxd7 16. Qxa6 Qxa6 17. Rxa6 Nc5 18. Ra3 Rfd8 19. Rd1 b5 20. Rf3 Ra8
21. d4 cxd3 22. exd3 Ra1 23. d4 b4 24. Kg2 h6 25. Bg5 Rxd1 26. Bxd8 Nd3 27. Kh3
Rd2 28. Be7 Nxf2+ 29. Kg2 Ne4+ 30. Kg1 Rxb2 31. Re3 f5 32. Rd3 b3 33. Ba3 Rb1+
34. Kg2 Kf7 35. d5 exd5 36. Rxd5 Ke6 37. Rb5 Nc3 38. Rb6+ Kd5 39. Rb7 g5 40.
Bf8 h5 41. Bg7 Ne4 42. Rb5+ Kc4 43. Rb7 Rd1 44. Rc7+ Kb5 45. Rb7+ Kc4 46. Rc7+
Nc5 47. Bf8 Rd5 48. Bg7 b2 49. Bxb2 Rd2+ 50. Kf3 Rxb2 51. Rf7 Ne6 0-1

[Event "European Blitz Championship 2021"]
[Site "Katowice"]
[Date "2021.12.17"]
[Round "7.10"]
[White "Mica, Marek"]
[Black "Piesik, Piotr"]
[Result "0-1"]
[WhiteElo "2055"]
[BlackElo "2336"]
[Annotator "NA"]
[PlyCount "66"]
[EventDate "2021.12.17"]
[EventType "swiss"]
[EventCountry "POL"]
[SourceTitle "playchess.com"]
[Source "ChessBase"]
[SourceQuality "1"]

1. c4 g6 2. Nc3 Bg7 3. Nf3 d6 4. d4 Nd7 5. g3 e5 6. Bg2 Ngf6 7. O-O O-O 8. e4
Re8 9. h3 c6 10. Be3 Qc7 11. Qc2 a5 12. Rad1 exd4 13. Nxd4 Nc5 14. Rfe1 Nfd7
15. f4 a4 16. Bf2 Qa5 17. Nde2 Nb6 18. b3 axb3 19. axb3 Qb4 20. Rb1 Ra3 21. Na2
Qa5 22. Nac1 Qa6 23. Rd1 f5 24. e5 Ne4 25. Bxe4 fxe4 26. Qxe4 Bf5 27. Qd4 Bxb1
28. Qxd6 Ra1 29. Kg2 Be4+ 30. Kh2 Bf5 31. g4 Be6 32. Qc7 Nd7 33. Rxd7 Bxd7 0-1

[Event "European Blitz Championship 2021"]
[Site "Katowice"]
[Date "2021.12.17"]
[Round "7.11"]
[White "Pultinevicius, Paulius"]
[Black "Kowalczyk, Rafal"]
[Result "1-0"]
[WhiteElo "2546"]
[BlackElo "2252"]
[Annotator "ChessBase"]
[PlyCount "49"]
[EventDate "2021.12.17"]
[EventType "swiss"]
[EventCountry "POL"]
[SourceTitle "playchess.com"]
[Source "ChessBase"]
[SourceQuality "1"]

1. d4 Nf6 2. c4 e6 3. Nf3 b6 4. g3 Ba6 5. Qc2 c5 6. Bg2 Nc6 7. dxc5 bxc5 8. O-O
Be7 9. Rd1 O-O 10. b3 Bb7 11. Nc3 a6 12. Bf4 d6 13. Na4 e5 14. Bxe5 dxe5 15.
Rxd8 Raxd8 16. e3 Nb4 17. Qe2 Nd7 18. a3 Nc6 19. Rd1 e4 20. Nd2 f5 21. Nc3 Nf6
22. Nd5 Nxd5 23. cxd5 Na5 24. Nc4 Bxd5 25. Nxa5 1-0

[Event "European Blitz Championship 2021"]
[Site "Katowice"]
[Date "2021.12.17"]
[Round "7.11"]
[White "Jaskolka, Tomasz"]
[Black "Jagodzinski, Piotr"]
[Result "0-1"]
[WhiteElo "2193"]
[BlackElo "2298"]
[Annotator "NA"]
[PlyCount "67"]
[EventDate "2021.12.17"]
[EventType "swiss"]
[EventCountry "POL"]
[SourceTitle "playchess.com"]
[Source "ChessBase"]
[SourceQuality "1"]

1. d4 d5 2. Bf4 Nf6 3. e3 c5 4. c3 cxd4 5. exd4 Nc6 6. Nd2 Bg4 7. Qb3 Qc8 8.
Ngf3 e6 9. Bd3 Be7 10. h3 Bh5 11. O-O O-O 12. Rfe1 Bg6 13. Bxg6 hxg6 14. Ne5
Nxe5 15. Bxe5 Qc6 16. Bxf6 gxf6 17. Qd1 b5 18. Qf3 a5 19. h4 Kg7 20. h5 g5 21.
g4 Qc7 22. Kg2 b4 23. Rac1 bxc3 24. bxc3 Rab8 25. c4 dxc4 26. d5 Bb4 27. h6+
Kg6 28. dxe6 Qb7 29. Ne4 fxe6 30. Rb1 f5 31. Qh3 fxe4 32. Qh5+ Kh7 33. a3 e3+
34. Kh3 0-1

[Event "European Blitz Championship 2021"]
[Site "Katowice"]
[Date "2021.12.17"]
[Round "7.12"]
[White "Spalir, Jernej"]
[Black "Durarbayli, Vasif"]
[Result "1-0"]
[WhiteElo "2368"]
[BlackElo "2629"]
[Annotator "RC"]
[PlyCount "76"]
[EventDate "2021.12.17"]
[EventType "swiss"]
[EventCountry "POL"]
[SourceTitle "playchess.com"]
[Source "ChessBase"]
[SourceQuality "1"]

1. d4 Nf6 2. c4 e6 3. Nf3 b6 4. a3 Ba6 5. Qb3 d5 6. cxd5 exd5 7. Nc3 Be7 8. g3
O-O 9. Bg2 Nc6 10. Qa4 Bb7 11. O-O Qe8 12. Bf4 Bd8 13. Rac1 Na5 14. Qc2 Rc8 15.
Bh3 Ra8 16. Ne5 c5 17. dxc5 bxc5 18. b4 cxb4 19. axb4 Nc4 20. Nd3 Bb6 21. Na4
Qe7 22. Nac5 Bc6 23. Rfd1 Rfe8 24. Bf1 a5 25. Na4 Bxf2+ 26. Nxf2 axb4 27. Ra1
Rec8 28. Nb2 Ra3 29. Nxc4 Ba4 30. Qd2 dxc4 31. Rdc1 c3 32. Qd6 Qxd6 33. Bxd6
Rxa1 34. Rxa1 c2 35. Bf4 b3 36. Bc1 Bb5 37. e3 Bxf1 38. Kxf1 Nd5 1-0

[Event "European Blitz Championship 2021"]
[Site "Katowice"]
[Date "2021.12.17"]
[Round "7.12"]
[White "Poplawski, Maciej"]
[Black "Zakrzewski, Marek"]
[Result "0-1"]
[WhiteElo "1949"]
[BlackElo "2279"]
[Annotator "NA"]
[PlyCount "102"]
[EventDate "2021.12.17"]
[EventType "swiss"]
[EventCountry "POL"]
[SourceTitle "playchess.com"]
[Source "ChessBase"]
[SourceQuality "1"]

1. d4 d5 2. Nc3 Nf6 3. Bg5 Bf5 4. f3 Nbd7 5. e3 c6 6. Bd3 Bxd3 7. Qxd3 e5 8.
Nge2 Be7 9. O-O O-O 10. Kh1 Re8 11. Rad1 e4 12. fxe4 Nxe4 13. Bf4 Ndf6 14. Rf3
Bd6 15. Rdf1 Bxf4 16. Nxf4 Ng4 17. Qe2 Qh4 18. Nh3 f6 19. Rf4 h5 20. Nxe4 Rxe4
21. Rxe4 dxe4 22. Qe1 Qxe1 23. Rxe1 Kf7 24. Kg1 Ke6 25. Nf2 f5 26. Nh3 Kf6 27.
Nf4 g6 28. h3 Nh6 29. Kf2 Rc8 30. Rd1 h4 31. Ne2 g5 32. c4 Nf7 33. Nc3 Nd6 34.
b3 b5 35. c5 Nf7 36. Ke2 Ke6 37. Rf1 Nh6 38. Rb1 a5 39. a4 b4 40. Nd1 Ng8 41.
Nb2 Nf6 42. Nc4 Ra8 43. Rf1 Nd5 44. Kd2 Ra7 45. Nd6 f4 46. exf4 e3+ 47. Kd3
gxf4 48. Rf3 Rg7 49. Nc4 Rxg2 50. Nxa5 Rd2+ 51. Kc4 e2 0-1

[Event "European Blitz Championship 2021"]
[Site "Katowice"]
[Date "2021.12.17"]
[Round "7.13"]
[White "Diermair, Andreas"]
[Black "Schneider, Ilja"]
[Result "1/2-1/2"]
[WhiteElo "2357"]
[BlackElo "2486"]
[Annotator "ChessBase"]
[PlyCount "28"]
[EventDate "2021.12.17"]
[EventType "swiss"]
[EventCountry "POL"]
[SourceTitle "playchess.com"]
[Source "ChessBase"]
[SourceQuality "1"]

1. d4 d5 2. c4 c6 3. Nc3 Nf6 4. Nf3 a6 5. cxd5 cxd5 6. Bf4 Nc6 7. Ne5 Qb6 8.
Nxc6 bxc6 9. f3 e6 10. Qd2 a5 11. Na4 Qb5 12. Nc3 Qb6 13. Na4 Qb5 14. Nc3 Qb6
1/2-1/2

[Event "European Blitz Championship 2021"]
[Site "Katowice"]
[Date "2021.12.17"]
[Round "7.13"]
[White "Wisniewski, Michal"]
[Black "Zgadzaj, Rafal"]
[Result "1-0"]
[WhiteElo "2215"]
[BlackElo "2087"]
[Annotator "NA"]
[PlyCount "70"]
[EventDate "2021.12.17"]
[EventType "swiss"]
[EventCountry "POL"]
[SourceTitle "playchess.com"]
[Source "ChessBase"]
[SourceQuality "1"]

1. Nf3 g6 2. d4 Bg7 3. Bf4 d6 4. h3 f5 5. Nbd2 Nf6 6. e3 O-O 7. Bc4+ Kh8 8. Ng5
d5 9. Be2 h6 10. Ngf3 Nbd7 11. c4 c6 12. Bh2 e6 13. b4 a5 14. b5 Ne4 15. Rc1
Qe7 16. cxd5 cxd5 17. O-O a4 18. Rc7 g5 19. Ne5 Kh7 20. Bh5 Qd8 21. Nxd7 Bxd7
22. Nxe4 fxe4 23. Qd2 Be8 24. Be5 Rg8 25. Bg4 Bd7 26. Bh2 Rf8 27. Rfc1 Rf7 28.
Bh5 Rf8 29. Qb4 Be8 30. Bg4 Bd7 31. Qd6 Qf6 32. Qxd7 Qxf2+ 33. Kh1 Rg8 34. Bxe6
Qxe3 35. Be5 Raf8 1-0

[Event "European Blitz Championship 2021"]
[Site "Katowice"]
[Date "2021.12.17"]
[Round "7.14"]
[White "Ustianovich, Nazar"]
[Black "Klekowski, Maciej"]
[Result "1/2-1/2"]
[WhiteElo "2278"]
[BlackElo "2499"]
[Annotator "RC"]
[PlyCount "113"]
[EventDate "2021.12.17"]
[EventType "swiss"]
[EventCountry "POL"]
[SourceTitle "playchess.com"]
[Source "ChessBase"]
[SourceQuality "1"]

1. d4 Nf6 2. c4 e6 3. g3 c5 4. Nf3 cxd4 5. Nxd4 d5 6. Bg2 e5 7. Nb3 d4 8. O-O
Nc6 9. e3 Bg4 10. Qd2 dxe3 11. Qxe3 Be7 12. Nc3 O-O 13. h3 Be6 14. Rd1 Qc8 15.
Kh2 Bxc4 16. Bd2 Re8 17. Rac1 Bxb3 18. axb3 Qe6 19. Nb5 Rac8 20. Nxa7 Nxa7 21.
Qxa7 e4 22. Qxb7 Rb8 23. Qc6 Qf5 24. Be3 h5 25. Rc2 Rbc8 26. Qxc8 Rxc8 27.
Rxc8+ Qxc8 28. Rd4 Qb7 29. Bg5 Qxb3 30. Bxf6 Bxf6 31. Rxe4 g6 32. Re2 Kg7 33.
h4 Bxb2 34. Be4 Bd4 35. Kg2 Qc4 36. Bf3 Bf6 37. Re4 Qc1 38. Re2 Qc5 39. Re4 Bd8
40. Re2 Bb6 41. Rb2 Qd4 42. Rc2 Bd8 43. Re2 Bb6 44. Rc2 Bc5 45. Re2 Ba7 46. Rc2
Bb6 47. Re2 Bc5 48. Rc2 Be7 49. Re2 Qd8 50. Re4 Bf6 51. Rc4 Qd2 52. Re4 Qd6 53.
Re2 Kh6 54. Re4 g5 55. hxg5+ Bxg5 56. Rc4 Qf6 57. Rc6 1/2-1/2

[Event "European Blitz Championship 2021"]
[Site "Katowice"]
[Date "2021.12.17"]
[Round "7.14"]
[White "Mis, Mieszko"]
[Black "Turski, Bartlomiej"]
[Result "1-0"]
[WhiteElo "2200"]
[BlackElo "2114"]
[Annotator "NA"]
[PlyCount "115"]
[EventDate "2021.12.17"]
[EventType "swiss"]
[EventCountry "POL"]
[SourceTitle "playchess.com"]
[Source "ChessBase"]
[SourceQuality "1"]

1. d4 Nf6 2. c4 g6 3. Nc3 Bg7 4. e4 d6 5. f4 O-O 6. Nf3 Na6 7. Bd3 Bg4 8. O-O
Nd7 9. Be3 e5 10. fxe5 dxe5 11. d5 f5 12. h3 Bxf3 13. Rxf3 f4 14. Bf2 g5 15.
Be2 Nf6 16. Rd3 b6 17. Rd2 Nc5 18. Bf3 a5 19. a3 Qe8 20. Rb1 Qg6 21. Qc2 h5 22.
b4 axb4 23. axb4 Ncd7 24. d6 c6 25. b5 c5 26. Nd5 Nxd5 27. exd5 Qxc2 28. Rxc2
Nf6 29. Re1 Rfe8 30. Rce2 g4 31. hxg4 hxg4 32. Be4 Rad8 33. Bg6 Rf8 34. Rxe5
Rxd6 35. Re6 Rfd8 36. Bh4 Kf8 37. Bg5 f3 38. gxf3 gxf3 39. Bf4 Rxe6 40. Rxe6
Nd7 41. Kf2 Bf6 42. Kxf3 Kg7 43. Bf5 Ra8 44. Rd6 Ra3+ 45. Ke2 Ra2+ 46. Kd1 Ra1+
47. Kc2 Ra2+ 48. Kb1 Ra1+ 49. Kc2 Ra2+ 50. Kd3 Ra3+ 51. Ke4 Nf8 52. Rxb6 Rc3
53. Rb7+ Kg8 54. Be6+ Nxe6 55. dxe6 Rxc4+ 56. Kf5 Bd4 57. Rb8+ Kg7 58. e7 1-0

[Event "European Blitz Championship 2021"]
[Site "Katowice"]
[Date "2021.12.17"]
[Round "7.15"]
[White "Dragnev, Valentin"]
[Black "Swicarz, Maciej"]
[Result "1-0"]
[WhiteElo "2548"]
[BlackElo "2131"]
[Annotator "ChessBase"]
[PlyCount "79"]
[EventDate "2021.12.17"]
[EventType "swiss"]
[EventCountry "POL"]
[SourceTitle "playchess.com"]
[Source "ChessBase"]
[SourceQuality "1"]

1. e4 c6 2. Nc3 d5 3. Nf3 Nf6 4. e5 Ne4 5. Ne2 Qb6 6. d4 Bg4 7. Nfg1 Bxe2 8.
Nxe2 f6 9. f3 Ng5 10. Ng3 Ne6 11. exf6 exf6 12. c3 Nd7 13. Bd3 c5 14. O-O cxd4
15. c4 dxc4 16. Bxc4 O-O-O 17. Re1 Nec5 18. Bd2 Ne5 19. Bf1 h5 20. b4 Ncd7 21.
f4 Ng4 22. Bd3 Ne3 23. Qf3 h4 24. Nf1 Nxf1 25. Qxf1 Bd6 26. a4 Bxb4 27. a5 Qd6
28. Bxb4 Qxb4 29. a6 Nb6 30. Reb1 Qe7 31. axb7+ Kb8 32. Kh1 h3 33. gxh3 Qxb7+
34. Kg1 g5 35. Ra2 gxf4 36. Qxf4+ Qc7 37. Rxb6+ axb6 38. Ra8+ Kxa8 39. Qxc7
Rhe8 40. Be4+ 1-0